00726nam a2200241 a 4500001001300000003000900013005001700022008004100039020002300080082001300103100002100116245007500137260003200212300000900244500003500253505001000288650002100298700002100319902000800340942000700348952011400355999001500469nice12345678IN_TiNIC20260116012726.0050524s1987 mysa grp 000 0 eng  a0890815 c10000a241bYOU aYoussef, Michael aHe`ism Versus Me`ismb the Biblical Solution to the Problem of Selfism aMysore bNo Publisherc1987 a165p aincludes index and biblioraphy2 aNotes aChristian-Ethics1 aYoussef, Michael bSRS cBK 001040708StackRoom-aHMIbHMId2007-06-29g100.00l0o241 YOUp013669r2007-06-29v100.00w2005-05-24yBK c8116d8116